01006nam a2200313 i 4500001000300000003000400003005001700007008003900024015001800063020001500081040001400096080001100110080001500121100002200136245008600158246003200244260003600276300002600312490002600338504002800364650002200392650002700414710003800441830002800479856009800507942001200605999001700617952005800634bgBPK20220606122619.0050712s2005 pl f |000 0 pol aPB 2005/13741 a8374441801 aWA NcBPK a341.22 a347.45/.461 aKurowski, Witold.10aPrzelew wierzytelności w prawie prywatnym międzynarodowym /cWitold Kurowski.18aPrzelew wierzytelności... aKraków :b"Zakamycze",c2005. a280, [1] s. ;c21 cm.1 aMonografie Zakamycza. aBibliogr. s. 257-[281]. 4aWierzytelność 4aPrawo międzynarodowe2 aKantor Wydawniczy Zakamycze4pbl. 0aMonografie - Zakamycze. uhttp://koha.tu.koszalin.pl/cgi-bin/koha/opac-detail.pl?biblionumber=46560yKatalog online BPK 2UKDcKS c46560d46560 00104071aBPKbBPKceho76598p02272597t341 PmyKS